| Tag |
First Indicator |
Second Indicator |
Subfields |
| LEADER |
00000cam a2200000 a 4500 |
| 001 |
in00000078843 |
| 005 |
20151008053937.0 |
| 008 |
711020s1971 enkaf b 00110 engm |
| 010 |
|
|
|a 75852836
|
| 015 |
|
|
|a B71-09046
|
| 020 |
|
|
|a 0571047017
|
| 035 |
|
|
|a (OCoLC)00199873
|
| 035 |
|
|
|9 AAH9138AM
|
| 040 |
|
|
|a DLC
|c DLC
|d TXA
|d UtOrBLW
|
| 043 |
|
|
|a e-gr---
|
| 049 |
|
|
|a TXAM
|c [1560922]
|
| 050 |
0 |
0 |
|a NK3840
|b .L3 1971
|
| 082 |
0 |
|
|a 738.3/0938
|
| 100 |
1 |
|
|a Lane, Arthur,
|d 1909-1963.
|
| 245 |
1 |
0 |
|a Greek pottery /
|c by Arthur Lane.
|
| 250 |
|
|
|a 3rd ed.
|
| 264 |
|
1 |
|a London :
|b Faber,
|c 1971.
|
| 300 |
|
|
|a xvi, 64 pages, 96 pages of plates :
|b illustrations ;
|c 26 cm.
|
| 336 |
|
|
|a text
|b txt
|2 rdacontent
|
| 337 |
|
|
|a unmediated
|b n
|2 rdamedia
|
| 338 |
|
|
|a volume
|b nc
|2 rdacarrier
|
| 490 |
1 |
|
|a Faber monographs on pottery and porcelain
|
| 500 |
|
|
|a Includes index.
|
| 504 |
|
|
|a Bibliography: pages 59-61.
|
| 650 |
|
0 |
|a Pottery, Greek.
|
| 650 |
|
0 |
|a Vases
|z Greece.
|
| 830 |
|
0 |
|a Faber monographs on pottery and porcelain.
|
| 999 |
|
|
|a MARS
|
| 999 |
f |
f |
|s 19547fd5-e2ba-345c-82da-b28ff7aacd74
|i 23d256bc-c8e0-3fa9-911a-97c079cf3f20
|t 0
|
| 952 |
f |
f |
|p normal
|a Texas A&M University
|b College Station
|c Sterling C. Evans Library
|d Evans: Library Stacks
|t 0
|e NK3840 .L3 1971
|h Library of Congress classification
|i unmediated -- volume
|m A14806170876
|
| 998 |
f |
f |
|a NK3840 .L3 1971
|t 0
|l Evans: Library Stacks
|